[Event "SVK Amateur-ch 2020"]
[Site "Topolcany"]
[Date "2020.07.13"]
[Round "5.9"]
[White "Juan Mas, Santiago"]
[Black "Varga, Milan"]
[Result "1/2-1/2"]
[WhiteElo "1983"]
[BlackElo "1839"]
[Annotator "ChessBase"]
[PlyCount "141"]
[EventDate "2020.07.10"]
[EventType "swiss"]
[EventCountry "SVK"]
[TimeControl "3600+30"]

1. e4 {[%emt 0:00:00]} e5 {[%emt 0:00:08]} 2. Nc3 {[%emt 0:00:42]} Nc6 {[%emt 0:01:01]} 3. Bc4 {[%emt 0:00:42]} Nf6 {[%emt 0:00:59]} 4. d3 {[%emt 0:00:58]} Be7 {[%emt 0:01:33]} 5. f4 {[%emt 0:00:42]} d6 {[%emt 0:02:36]} 6. Nf3 {[%emt 0:01:27]} h6 {[%emt 0:03:57]} 7. a3 {[%emt 0:05:07]} Bg4 {[%emt 0:01:08]} 8. h3 {[%emt 0:01:00]} Bxf3 {[%emt 0:01:32]} 9. Qxf3 {[%emt 0:00:04]} Nd4 {[%emt 0:01:57]} 10. Qf2 {[%emt 0:00:40]} Nh5 {[%emt 0:02:34]} 11. Bxf7+ {[%emt 0:03:22]} Kxf7 {[%emt 0:02:39]} 12. fxe5+ {[%emt 0:00:08]} Kg8 {[%emt 0:01:16]} 13. O-O {[%emt 0:01:47]} dxe5 {[%emt 0:02:37]} 14. Qf7+ {[%emt 0:01:07]} Kh7 {[%emt 0:00:12]} 15. Qxh5 {[%emt 0:01:39]} Rf8 {[%emt 0:06:19]} 16. Bxh6 {[%emt 0:04:57]} g6 {[%emt 0:04:07]} 17. Bxf8+ {[%emt 0:06:36]} gxh5 {[%emt 0:03:24]} 18. Rf7+ {[%emt 0:01:43]} Kg8 {[%emt 0:00:55]} 19. Bxe7 {[%emt 0:00:12]} Qd7 {[%emt 0:03:58]} 20. Raf1 {[%emt 0:01:53]} Qe6 {[%emt 0:01:17]} 21. Nd5 {[%emt 0:18:59]} Qxf7 {[%emt 0:03:12]} 22. Rxf7 {[%emt 0:00:10]} Kxf7 {[%emt 0:00:07]} 23. Bg5 {[%emt 0:08:21]} Nxc2 {[%emt 0:04:48]} 24. Nxc7 {[%emt 0:02:38]} Rg8 {[%emt 0:01:24]} 25. h4 {[%emt 0:01:56]} Ne1 {[%emt 0:01:07]} 26. d4 {[%emt 0:00:46]} exd4 {[%emt 0:02:13]} 27. e5 {[%emt 0:00:59]} Rg6 {[%emt 0:10:09]} 28. e6+ {[%emt 0:04:23]} Rxe6 {[%emt 0:00:09]} 29. Nxe6 {[%emt 0:00:04]} Kxe6 {[%emt 0:00:07]} 30. Kf2 {[%emt 0:00:26]} Nd3+ {[%emt 0:00:14]} 31. Kf3 {[%emt 0:00:31]} Nxb2 {[%emt 0:00:25]} 32. g4 {[%emt 0:00:32]} hxg4+ {[%emt 0:01:25]} 33. Kxg4 {[%emt 0:00:02]} Nc4 {[%emt 0:00:49]} 34. h5 {[%emt 0:01:28]} Kf7 {[%emt 0:00:24]} 35. Kf3 {[%emt 0:00:22]} Nxa3 {[%emt 0:01:01]} 36. Ke4 {[%emt 0:00:15]} Nb5 {[%emt 0:00:19]} 37. Bd2 {[%emt 0:00:21]} a6 {[%emt 0:00:57]} 38. Kd5 {[%emt 0:00:14]} Kg7 {[%emt 0:01:50]} 39. Kc5 {[%emt 0:00:32]} d3 {[%emt 0:00:36]} 40. Kb6 {[%emt 0:00:50]} Nd6 {[%emt 0:00:33]} 41. Bb4 {[%emt 0:01:06]} Nc4+ {[%emt 0:01:27]} 42. Kxb7 {[%emt 0:00:59]} a5 {[%emt 0:00:23]} 43. Bc3+ {[%emt 0:00:00]} Kh6 {[%emt 0:00:14]} 44. Ka6 {[%emt 0:00:00]} a4 {[%emt 0:00:39]} 45. Kb5 {[%emt 0:00:08]} Nb2 {[%emt 0:00:21]} 46. Kb4 {[%emt 0:01:17]} Kxh5 {[%emt 0:01:26]} 47. Ka3 {[%emt 0:00:38]} Nd1 {[%emt 0:00:38]} 48. Ba5 {[%emt 0:00:32]} Kg4 {[%emt 0:00:09]} 49. Kxa4 {[%emt 0:00:15]} Kf4 {[%emt 0:00:17]} 50. Kb3 {[%emt 0:00:20]} Ke4 {[%emt 0:00:25]} 51. Bb4 {[%emt 0:00:58]} Ne3 {[%emt 0:00:12]} 52. Kb2 {[%emt 0:00:31]} Kd4 {[%emt 0:00:15]} 53. Bc3+ {[%emt 0:00:28]} Kc4 {[%emt 0:00:53]} 54. Bd2 {[%emt 0:00:27]} Nf1 {[%emt 0:00:47]} 55. Ba5 {[%emt 0:00:20]} Ng3 {[%emt 0:00:21]} 56. Kc1 {[%emt 0:00:24]} Ne2+ {[%emt 0:01:01]} 57. Kd2 {[%emt 0:00:30]} Nd4 {[%emt 0:00:30]} 58. Bd8 {[%emt 0:00:12]} Nb3+ {[%emt 0:00:14]} 59. Kd1 {[%emt 0:00:14]} Kc3 {[%emt 0:01:13]} 60. Bf6+ {[%emt 0:00:34]} Kc4 {[%emt 0:00:00]} 61. Bg7 {[%emt 0:00:48]} Kd5 {[%emt 0:00:00]} 62. Bf6 {[%emt 0:00:39]} Ke4 {[%emt 0:00:03]} 63. Bg7 {[%emt 0:00:31]} Nd4 {[%emt 0:00:17]} 64. Bxd4 {[%emt 0:00:33]} Kxd4 {[%emt 0:00:14]} 65. Kd2 {[%emt 0:00:13]} Ke4 {[%emt 0:00:09]} 66. Kd1 {[%emt 0:00:10]} Ke3 {[%emt 0:00:26]} 67. Ke1 {[%emt 0:00:07]} Ke4 {[%emt 0:00:35]} 68. Kd1 {[%emt 0:00:15]} Kd4 {[%emt 0:00:07]} 69. Kd2 {[%emt 0:00:05]} Kc4 {[%emt 0:00:13]} 70. Kd1 {[%emt 0:00:08]} Kc3 {[%emt 0:00:09]} 71. Kc1 {[%emt 0:00:05]} 1/2-1/2

[Event "SVK Amateur-ch 2020"]
[Site "Topolcany"]
[Date "2020.07.12"]
[Round "5.10"]
[White "Zetocha, Adrian"]
[Black "Macko, Michal"]
[Result "0-1"]
[WhiteElo "2073"]
[BlackElo "2145"]
[Annotator "TA"]
[PlyCount "36"]
[EventDate "2020.07.10"]
[EventType "swiss"]
[EventCountry "SVK"]
[SourceTitle "playchess.com"]
[Source "ChessBase"]
[SourceQuality "1"]

{[%evp 14,36,0,-18,54,66,106,100,106,32,49,44,41,45,41,57,44,-9,34,25,45,26,181,-29996,1036]} 1. d4 Nf6 2. c4 e6 3. Nc3 Bb4 4. e3 O-O 5. Bd3 c5 6. Nge2 cxd4 7. exd4 d5 8. O-O b6 {E48: Nimzo-Indian: Rubinstein: 5 Bd3 d5 including 6 Ne2, but excluding 6 a3.} (8... dxc4 $11 9. Bxc4 Nc6) 9. Bg5 $14 Bb7 {[#]} 10. cxd5 $1 exd5 {White is better.} 11. Qb3 {[#]} ({White should try} 11. Ng3 $16) 11... Bd6 $146 ({Predecessor:} 11... Be7 12. Rad1 Nbd7 13. Rfe1 Rc8 14. Bf5 Rc4 15. Nf4 Rb4 16. Qc2 g6 17. Bxd7 Qxd7 18. Rxe7 Qxe7 19. Nfxd5 Nxd5 20. Bxe7 Nxe7 {1-0 (69) Ivanov,J (2348)-Lerch,P (2238) France 2006}) 12. Bxf6 Qxf6 13. Nxd5 Qh6 {[%csl Gd6][%cal Rh6h2]} 14. g3 Nc6 {Hoping for ...Na5.} 15. Ne3 ({Better is} 15. Qa4 $14) 15... Rfe8 (15... Bxg3 $5 16. Ng4 (16. hxg3 $2 Nxd4 17. Qd5 Bxd5 $19) 16... Qh3 17. Bxh7+ Kxh7 18. Qxg3 Qxg3+ 19. fxg3 Ba6 $11) 16. Rad1 Na5 17. Qb5 Re6 $2 (17... g6 $11) 18. b4 $4 {[%mdl 8192] [#]} (18. Ng4 $18 Qh3 19. f3) 18... Qxh2+ $1 {[%mdl 33344] Back Rank, Clearance. Accuracy: White = 61%, Black = 50%. . Loss on time!?} 0-1

[Event "SVK Amateur-ch 2020"]
[Site "Topolcany"]
[Date "2020.07.14"]
[Round "5.10"]
[White "Tatliak, Stefan"]
[Black "Chlpek, Daniel"]
[Result "0-1"]
[WhiteElo "1704"]
[BlackElo "1969"]
[Annotator "TA"]
[PlyCount "54"]
[EventDate "2020.07.10"]
[EventType "swiss"]
[EventCountry "SVK"]

{[%evp 19,54,0,0,-34,0,-31,26,-51,-36,-111,-50,-139,-145,-156,-143,-135,-125,-162,-154,-172,-168,-169,-154,-227,-207,-258,-283,-604,-612,-603,-612,-600,-602,-632,-637,-791,-782]} 1. e4 c5 2. Nf3 d6 3. d4 cxd4 4. Nxd4 Nf6 5. Nc3 a6 6. Be3 e5 7. Nb3 Be6 8. Be2 Be7 9. f3 O-O 10. Qd2 Nbd7 {[%cal Bb8d7,Bd7b6,Bb6c4][%mdl 32]} 11. O-O {B92: Sicilian Najdorf: 6 Be2.} Rc8 12. Kh1 b5 ({Better is} 12... Qc7 $15) 13. a3 (13. a4 $1 $11) 13... Nb6 $15 {[#]} 14. Bf2 $146 {[#]} (14. Rfd1 $15) ({Predecessor:} 14. Rfd1 Qc7 15. Rac1 h6 16. Bf1 Rfd8 17. Qf2 Nfd7 18. Nd5 Bxd5 19. exd5 Na4 20. c4 {1-0 (70) Basovskiy,J (1824)-Koenze,H (1770) Hannover 2017}) 14... Qc7 (14... d5 $1 $17 15. Nxd5 Nfxd5 16. exd5 Nxd5) 15. Rac1 (15. Bxb6 $15 Qxb6 16. f4) 15... Nc4 $17 16. Bxc4 bxc4 17. Na1 Qb7 18. Rb1 d5 19. exd5 Nxd5 20. Nxd5 Bxd5 ({Resist} 20... Qxd5 21. Qxd5 Bxd5 22. Rfe1 $17) 21. Qe2 (21. Kg1 $17 {might work better.}) 21... e4 $19 {[%cal Re4f3]} 22. fxe4 Bxe4 23. Qg4 $2 (23. Bd4) 23... f5 {Black is clearly winning.} 24. Qh3 Rf6 {[#] Threatens to win with ...Rh6.} 25. Be3 Rg6 {[%cal Re4g2]} 26. Rg1 Rf8 27. Rbf1 Qxb2 {[%mdl 64] Double Attack. Black took control after the opening. Accuracy: White = 24%, Black = 69%.} 0-1

[Event "SVK Amateur-ch 2020"]
[Site "Topolcany"]
[Date "2020.07.12"]
[Round "5.11"]
[White "Gromovs, Sergejs"]
[Black "Redzisz, Michal"]
[Result "1-0"]
[WhiteElo "2131"]
[BlackElo "1972"]
[Annotator "TA"]
[PlyCount "85"]
[EventDate "2020.07.10"]
[EventType "swiss"]
[EventCountry "SVK"]
[SourceTitle "playchess.com"]
[Source "ChessBase"]
[SourceQuality "1"]

{[%evp 16,85,60,44,46,28,91,91,95,93,105,82,116,112,136,109,86,71,96,77,104,89,95,104,97,102,101,89,105,90,108,99,106,108,114,101,120,73,77,66,90,59,117,127,118,63,57,29,88,64,72,26,128,46,127,115,250,256,250,253,359,387,766,767,893,906,1341,1348,1324,1054,1187,1085]} 1. d4 Nf6 2. Nf3 b6 3. c4 e6 4. a3 Bb7 5. Nc3 Be7 6. d5 exd5 7. cxd5 O-O 8. e4 Re8 {is more profitable than 8...d6 at the moment.} 9. Bd3 d6 {E12: Queen's Indian: Unusual White 4th moves, 4 a3, 4 Nc3 Bb7 5 a3 and 4 Nc3 Bb7 .} 10. O-O c5 (10... c6 $11) 11. h3 $16 Na6 {White is better.} 12. Bf4 Nc7 13. a4 {[#]} Qd7 $146 ({Predecessor:} 13... Bf8 14. Nd2 Rb8 15. Nc4 Ba6 16. b3 g6 17. Qd2 Qd7 18. Bh2 h5 19. Rfe1 Rbd8 {½-½ (52) Danner,G (2437)-Giaccio,A (2505) Istanbul 2000}) 14. Re1 a6 15. Qb3 Rab8 16. Nd2 Ba8 17. Bf1 h6 18. Bh2 Bf8 19. Qc2 b5 20. axb5 axb5 21. b4 cxb4 22. Na2 Na6 23. Qb2 Qc7 24. Nxb4 Nc5 25. Qd4 Qb6 26. g4 Nfd7 27. Rab1 g6 28. Nc2 Bg7 (28... Qa5 $14) 29. Qb4 Ne5 {[#] aiming for ...Ncd3.} 30. Bxe5 ({Resist} 30. Qxb5 Qc7 $14) (30. Qa3 $16) 30... Bxe5 $14 31. Bxb5 Qd8 (31... Qc7 $11) 32. Qc4 Re7 33. Nf3 Kg7 (33... Bg7 $11) 34. Kg2 ({White should play} 34. Nb4 $16) 34... f6 ({Black should try} 34... Rc8 $14) 35. Ncd4 $36 {[%mdl 2048] White is in control.} Kf7 {Now Black is done in.} (35... Qg8 $16 36. Kg1 Qc8) 36. Nxe5+ $18 fxe5 37. Ne6 $1 {[%cal Re6d8]} Nxe6 (37... Rxe6 {keeps fighting.} 38. dxe6+ Ke7) 38. dxe6+ Rxe6 $2 {[#]} (38... Kg8 39. Bd7 h5) 39. Bd7 $1 {[%mdl 576] Deflection. White is clearly winning.} Qxd7 40. Rxb8 d5 41. Qc5 {[%csl Gb8][%cal Rc5f8]} Re8 42. Rxe8 Kxe8 43. Rb1 {Accuracy: White = 74%, Black = 40%.} 1-0

[Event "SVK Amateur-ch 2020"]
[Site "Topolcany"]
[Date "2020.07.13"]
[Round "5.11"]
[White "Trangos, Miroslav"]
[Black "Skrinar, Marek"]
[Result "1-0"]
[WhiteElo "1971"]
[BlackElo "1668"]
[Annotator "ChessBase"]
[PlyCount "61"]
[EventDate "2020.07.10"]
[EventType "swiss"]
[EventCountry "SVK"]
[TimeControl "3600+30"]

1. d4 {[%emt 0:00:00]} Nf6 {[%emt 0:00:00]} 2. c4 {[%emt 0:00:00]} e6 {[%emt 0:00:00]} 3. Nc3 {[%emt 0:00:00]} Bb4 {[%emt 0:00:03]} 4. Qc2 {[%emt 0:00:00]} Bxc3+ {[%emt 0:00:18]} 5. Qxc3 {[%emt 0:00:25]} d5 {[%emt 0:00:08]} 6. e3 {[%emt 0:02:47]} O-O {[%emt 0:00:51]} 7. Bd3 {[%emt 0:00:21]} dxc4 {[%emt 0:00:53]} 8. Bxc4 {[%emt 0:01:43]} b6 {[%emt 0:02:40]} 9. Nf3 {[%emt 0:02:21]} Bb7 {[%emt 0:00:27]} 10. b3 {[%emt 0:03:51]} Nbd7 {[%emt 0:00:50]} 11. Ba3 {[%emt 0:01:05]} Re8 {[%emt 0:00:26]} 12. Rd1 {[%emt 0:01:43]} Ne4 {[%emt 0:01:15]} 13. Qc2 {[%emt 0:00:27]} Ndf6 {[%emt 0:16:04]} 14. Bb5 {[%emt 0:04:17]} c6 {[%emt 0:04:01]} 15. Bd3 {[%emt 0:00:19]} Qd5 {[%emt 0:05:05]} 16. O-O {[%emt 0:08:02]} h6 {[%emt 0:25:20]} 17. Ne5 {[%emt 0:04:41]} Nd6 {[%emt 0:03:00]} 18. f3 {[%emt 0:02:13]} Nb5 {[%emt 0:01:37]} 19. Bb2 {[%emt 0:00:50]} Rac8 {[%emt 0:02:47]} 20. a4 {[%emt 0:01:10]} Nc7 {[%emt 0:00:16]} 21. e4 {[%emt 0:07:49]} Qd8 {[%emt 0:01:53]} 22. Qf2 {[%emt 0:07:06]} Na6 {[%emt 0:01:25]} 23. Ba3 {[%emt 0:00:27]} Nb8 {[%emt 0:00:35]} 24. Nc4 {[%emt 0:00:32]} c5 {[%emt 0:00:56]} 25. e5 {[%emt 0:00:42]} Nd5 {[%emt 0:00:30]} 26. Nd6 {[%emt 0:00:24]} cxd4 {[%emt 0:00:38]} 27. Nxb7 {[%emt 0:00:48]} Qc7 {[%emt 0:00:10]} 28. Nd6 {[%emt 0:00:17]} Ne3 {[%emt 0:00:14]} 29. Rc1 {[%emt 0:02:46]} Qxc1 {[%emt 0:00:23]} 30. Rxc1 {[%emt 0:00:08]} Rxc1+ {[%emt 0:00:08]} 31. Bxc1 {[%emt 0:00:05]} 1-0

[Event "SVK Amateur-ch 2020"]
[Site "Topolcany"]
[Date "2020.07.12"]
[Round "5.12"]
[White "Meers, Hubert"]
[Black "Strachan, Jan"]
[Result "1-0"]
[WhiteElo "2037"]
[BlackElo "2130"]
[Annotator "TA"]
[PlyCount "73"]
[EventDate "2020.07.10"]
[EventType "swiss"]
[EventCountry "SVK"]
[SourceTitle "playchess.com"]
[Source "ChessBase"]
[SourceQuality "1"]

{[%evp 14,73,53,27,32,34,50,39,56,10,37,35,38,34,42,22,46,4,36,28,63,55,69,54,62,29,47,40,39,28,37,31,128,-12,-10,0,43,22,22,-29,8,8,12,-25,-27,-173,-181,-185,-162,-880,-821,-712,650,603,626,606,583,556,804,804,29992,29993]} 1. e4 d6 2. d4 Nf6 3. Nc3 g6 4. Nf3 Bg7 5. Be2 O-O 6. O-O Nc6 7. Re1 Bg4 8. Be3 Nd7 {B08: Pirc Defence: Classical System.} 9. Qd2 Bxf3 10. Bxf3 e5 {[%cal Re5d4] [#] White is slightly better.} 11. Ne2 $146 ({Predecessor:} 11. dxe5 Ncxe5 12. Be2 Nb6 13. Bg5 Qd7 14. b3 Rae8 15. Rad1 f5 16. exf5 Qxf5 17. Bh4 {1-0 (40) Petrik,T (2400)-Balogh,M (2210) Slovakia 2003}) 11... Nb6 12. d5 Ne7 13. Qd3 f5 14. c4 Nd7 15. b4 Nf6 16. Nc3 f4 17. Bd2 h5 18. c5 g5 19. Rac1 Rf7 20. Rc2 Ng6 21. Rec1 g4 22. Be2 f3 (22... a6 $14) 23. Bf1 ({White must play} 23. gxf3 $16 dxc5 24. bxc5) 23... fxg2 $11 24. Bxg2 Nf4 25. Bxf4 $1 exf4 26. Nb5 (26. e5 $142 dxe5 27. Be4) 26... f3 {Hoping for ...Ne8.} (26... Ne8 $5 {[%cal Rf4f3]} 27. f3 Qf6 $11) 27. cxd6 cxd6 28. Bf1 (28. e5 $5 dxe5 29. Bf1 $11) 28... Ne8 $1 29. Nd4 {[#]} (29. e5 $1 $11 {and White stays safe.} Bxe5 30. Qg6+ {[%mdl 64] Double Attack} Kf8 31. Qxh5) 29... Be5 $1 $19 {Strongly threatening ...Qh4.} 30. Nf5 Qg5 {And now ...Rxf5! would win.} 31. Rc8 $2 {[#]} (31. Qe3 Bf4 32. Qe1) 31... Rxf5 $1 {[%mdl 512]} 32. Rxa8 (32. exf5 Qf4) 32... Qf4 $4 {[%mdl 8192]} (32... Rf8 $19 33. Qe3 Bf4) 33. Rxe8+ $18 Rf8 {[%csl Ge5][%cal Rf4h2] [#]} 34. Rxe5 $1 Qxe5 (34... dxe5 35. Rc7) 35. Qe3 h4 36. Qh6 {White threatens Rc7 and mate.} g3 37. Rc7 {Accuracy: White = 50%, Black = 57%.} 1-0

[Event "SVK Amateur-ch 2020"]
[Site "Topolcany"]
[Date "2020.07.13"]
[Round "5.12"]
[White "Rabovszky Gyorgy"]
[Black "Blazek, Milos"]
[Result "1/2-1/2"]
[WhiteElo "1716"]
[BlackElo "1977"]
[Annotator "ChessBase"]
[PlyCount "112"]
[EventDate "2020.07.10"]
[EventType "swiss"]
[EventCountry "SVK"]
[TimeControl "3600+30"]

1. e4 {[%emt 0:00:00]} e5 {[%emt 0:00:00]} 2. Nf3 {[%emt 0:00:00]} Nc6 {[%emt 0:00:00]} 3. Bb5 {[%emt 0:00:02]} a6 {[%emt 0:00:00]} 4. Bxc6 {[%emt 0:00:33]} dxc6 {[%emt 0:00:00]} 5. d4 {[%emt 0:00:54]} exd4 {[%emt 0:01:16]} 6. Qxd4 {[%emt 0:00:49]} Qxd4 {[%emt 0:01:56]} 7. Nxd4 {[%emt 0:00:03]} c5 {[%emt 0:01:25]} 8. Ne2 {[%emt 0:00:24]} Bd6 {[%emt 0:02:25]} 9. Nbc3 {[%emt 0:00:53]} Ne7 {[%emt 0:00:59]} 10. Be3 {[%emt 0:06:33]} O-O {[%emt 0:04:57]} 11. e5 {[%emt 0:07:11]} Bxe5 {[%emt 0:02:16]} 12. Bxc5 {[%emt 0:02:09]} Re8 {[%emt 0:00:39]} 13. O-O-O {[%emt 0:00:21]} Be6 {[%emt 0:05:20]} 14. f4 {[%emt 0:01:32]} Bxc3 {[%emt 0:03:01]} 15. Nxc3 {[%emt 0:00:02]} b6 {[%emt 0:05:51]} 16. Bxe7 {[%emt 0:02:37]} Rxe7 {[%emt 0:00:08]} 17. Rhe1 {[%emt 0:00:50]} Kf8 {[%emt 0:02:01]} 18. a3 {[%emt 0:13:16]} Rae8 {[%emt 0:02:34]} 19. Rd2 {[%emt 0:02:05]} Bc4 {[%emt 0:04:28]} 20. Rxe7 {[%emt 0:00:48]} Rxe7 {[%emt 0:00:43]} 21. Rd8+ {[%emt 0:01:19]} Re8 {[%emt 0:00:20]} 22. Rxe8+ {[%emt 0:03:06]} Kxe8 {[%emt 0:00:15]} 23. Kd2 {[%emt 0:00:15]} Kd7 {[%emt 0:01:11]} 24. Ke3 {[%emt 0:01:05]} Ke6 {[%emt 0:02:36]} 25. g3 {[%emt 0:05:32]} f5 {[%emt 0:05:47]} 26. Kd4 {[%emt 0:01:02]} Bf1 {[%emt 0:01:05]} 27. b4 {[%emt 0:01:11]} Kd6 {[%emt 0:00:08]} 28. Nd1 {[%emt 0:03:24]} c5+ {[%emt 0:04:05]} 29. Kc3 {[%emt 0:02:38]} g6 {[%emt 0:02:15]} 30. Ne3 {[%emt 0:02:00]} Be2 {[%emt 0:01:11]} 31. Kd2 {[%emt 0:02:23]} Bb5 {[%emt 0:01:29]} 32. c4 {[%emt 0:03:07]} Bc6 {[%emt 0:00:52]} 33. g4 {[%emt 0:02:03]} Be4 {[%emt 0:06:58]} 34. g5 {[%emt 0:00:50]} Kc6 {[%emt 0:05:32]} 35. Kc3 {[%emt 0:00:28]} Kd6 {[%emt 0:00:49]} 36. a4 {[%emt 0:01:00]} a5 {[%emt 0:02:28]} 37. bxa5 {[%emt 0:00:20]} bxa5 {[%emt 0:00:01]} 38. Nf1 {[%emt 0:01:42]} Bf3 {[%emt 0:00:37]} 39. Kc2 {[%emt 0:01:21]} Be4+ {[%emt 0:00:33]} 40. Kb3 {[%emt 0:00:13]} Bf3 {[%emt 0:00:16]} 41. h4 {[%emt 0:01:22]} Bd1+ {[%emt 0:00:10]} 42. Ka3 {[%emt 0:00:08]} Kc6 {[%emt 0:01:35]} 43. Ne3 {[%emt 0:00:57]} Bf3 {[%emt 0:00:09]} 44. Kb3 {[%emt 0:00:36]} Kd6 {[%emt 0:00:05]} 45. Kc2 {[%emt 0:00:22]} Kc6 {[%emt 0:00:49]} 46. Kd2 {[%emt 0:00:14]} Kd6 {[%emt 0:00:11]} 47. Kd3 {[%emt 0:00:48]} Bc6 {[%emt 0:00:23]} 48. h5 {[%emt 0:00:09]} Bxa4 {[%emt 0:00:33]} 49. hxg6 {[%emt 0:00:32]} hxg6 {[%emt 0:00:04]} 50. Nd5 {[%emt 0:00:10]} Bc6 {[%emt 0:00:38]} 51. Ne3 {[%emt 0:00:24]} Bf3 {[%emt 0:01:25]} 52. Kc3 {[%emt 0:00:14]} Bc6 {[%emt 0:00:26]} 53. Kb3 {[%emt 0:00:19]} Kc7 {[%emt 0:00:35]} 54. Nc2 {[%emt 0:00:44]} Kd6 {[%emt 0:00:16]} 55. Ne3 {[%emt 0:00:19]} Ke6 {[%emt 0:00:38]} 56. Nd1 {[%emt 0:01:36]} Kd6 {[%emt 0:00:28]} 1/2-1/2

[Event "SVK Amateur-ch 2020"]
[Site "Topolcany"]
[Date "2020.07.12"]
[Round "5.13"]
[White "Kalisky, Vladimir"]
[Black "Slaba, Andrea"]
[Result "1-0"]
[WhiteElo "2136"]
[BlackElo "1969"]
[Annotator "TA"]
[PlyCount "55"]
[EventDate "2020.07.10"]
[EventType "swiss"]
[EventCountry "SVK"]
[SourceTitle "playchess.com"]
[Source "ChessBase"]
[SourceQuality "1"]

{[%evp 11,55,32,34,40,49,51,31,32,52,16,10,26,28,13,85,93,98,89,109,76,64,61,133,140,154,137,144,145,160,152,150,104,89,77,166,108,170,42,56,44,489,203,491,269,926,893]} 1. c4 Nf6 2. Nc3 g6 3. e4 d6 4. d4 Bg7 5. Nf3 O-O 6. h3 a5 7. Be3 {E90: King's Indian: Classical: Early deviations and 6 h3.} Nbd7 8. Qd2 e5 {[#]} 9. dxe5 $146 {White is slightly better.} ({Predecessor:} 9. Rd1 Re8 10. Bd3 exd4 11. Nxd4 Nc5 12. f3 Nxd3+ 13. Qxd3 Nh5 14. Nde2 f5 15. O-O {½-½ (29) Ley,R (1815)-Jessl,I (1528) Worms 2013}) 9... dxe5 10. Rc1 b6 11. Bd3 Qe7 12. Nd5 Nxd5 (12... Qd6 $11) 13. cxd5 $16 Ra7 14. O-O f5 {Threatens to win with ...f4.} 15. exf5 gxf5 {White must now prevent ...f4.} 16. d6 cxd6 (16... Qxd6 $14 17. Bxf5 Rxf5 18. Qxd6 cxd6 19. Rxc8+ Rf8) 17. Bxf5 $1 Ba6 {[#]} 18. Bd3 $1 Bxd3 19. Qxd3 Nc5 {[#]} 20. Qd5+ $1 Kh8 21. Rfd1 e4 22. Nd4 {And now Nc6 would win.} Rd7 (22... Qf6 $16) 23. Rc2 ({White should play} 23. Nf5 $18 Qe5 24. Nxg7 (24. Nxd6 Qe7 $16) 24... Qxd5 25. Rxd5 Kxg7 26. Rcd1 (26. Bxc5 bxc5 27. Rcxc5 Rb8 $16)) 23... Nd3 (23... Qe5 $16 {might work better.} 24. Nc6 Qf5) 24. Nc6 (24. Ne6 $18 Re8 25. Nxg7 Kxg7 26. Bxb6) 24... Qh4 25. Rdd2 $36 {[%mdl 2048] White is more active.} Bf6 $2 {[%mdl 8192]} (25... Rdf7 $14) 26. Rc4 (26. Rxd3 $142 Rg7 27. Rd1) 26... Rg7 $2 (26... Nc5 {was necessary.} 27. Bxc5 bxc5 28. Rxe4 Qg5 29. Qxg5 (29. Nxa5 Qxd5 30. Rxd5 Bxb2 $16) 29... Bxg5) 27. Kf1 (27. Rxd3 $142 Rfg8 28. Rxe4 Rxg2+ 29. Kf1 Rg1+ 30. Ke2 Qxh3 31. Rd1 (31. Bxb6 $2 Qf1+ 32. Ke3 R8g3+ 33. Kf4 Bg5+ 34. Qxg5 Rxg5 $19) 31... Rxd1 32. Kxd1) 27... Rfg8 $2 (27... Rxg2 28. Qxe4 (28. Kxg2 Ne1+ 29. Kf1 Qxh3+ 30. Kxe1 Qh1+ 31. Ke2 Qf3+ 32. Kf1 Qh1+ 33. Ke2 Qf3+ 34. Kf1 Qh1+ 35. Ke2 $11) 28... Rxf2+ 29. Bxf2 Qxh3+ 30. Qg2 Nxf2) 28. Rxe4 {Accuracy: White = 47%, Black = 44%.} 1-0